MARC details
| 000 -CABECERA |
| campo de control de longitud fija |
01091nam a2200217 4500 |
| 005 - FECHA Y HORA DE LA ÚLTIMA TRANSACCIÓN |
| campo de control |
20241105111939.0 |
| 007 - CAMPO FIJO DE DESCRIPCIÓN FÍSICA--INFORMACIÓN GENERAL |
| campo de control de longitud fija |
ta |
| 008 - DATOS DE LONGITUD FIJA--INFORMACIÓN GENERAL |
| campo de control de longitud fija |
241030e2024 dr fx|p|r||||||0| 0 spa d |
| 040 ## - FUENTE DE LA CATALOGACIÓN |
| Centro catalogador/agencia de origen |
DO-SdBNP |
| Centro/agencia transcriptor |
BNPHU |
| Normas de descripción |
rda |
| 041 ## - CÓDIGO DE LENGUA |
| Código de lengua original |
spa |
| 110 ## - ENTRADA PRINCIPAL--NOMBRE DE ENTIDAD CORPORATIVA |
| Nombre de entidad corporativa o nombre de jurisdicción como elemento de entrada |
Cooperativa Médica de Santiago de Servicios Múltiples |
| 9 (RLIN) |
73182 |
| 245 ## - MENCIÓN DE TÍTULO |
| Título |
Pinitos saludables : |
| Resto del título |
boletín informativo de la Cooperativa Médica de Santiago / |
| Mención de responsabilidad, etc. |
Cooperativa Médica de Santiago |
| 260 ## - PUBLICACIÓN, DISTRIBUCIÓN, ETC. |
| Lugar de publicación, distribución, etc. |
Santiago de los Caballeros, República Dominicana : |
| Nombre del editor, distribuidor, etc. |
Cooperativa Médica de Santiago, |
| Fecha de publicación, distribución, etc. |
2024. |
| 300 ## - DESCRIPCIÓN FÍSICA |
| Extensión |
volumen : |
| Otras características físicas |
ilustraciones, fotografías ; |
| Dimensiones |
28 cm. |
| 310 ## - PERIODICIDAD ACTUAL |
| Periodicidad actual |
semestral. |
| 362 ## - FECHAS DE PUBLICACIÓN Y/O DESIGNACIÓN SECUENCIAL |
| Fecha de publicación y/o designación secuencial |
Enero-junio 2024. |
| 500 ## - NOTA GENERAL |
| Nota general |
Donado por: Editora Búho. |
| 520 ## - SUMARIO, ETC. |
| Sumario, etc. |
Boletín Informativo y Educativo “Pinitos Saludables”, canal de comunicación cuyo contenido te mantendrá informado de las múltiples actividades, acciones y proyectos que desde el Plan Estratégico desarrolla la institución cooperativista. |
| 650 #0 - PUNTO DE ACCESO ADICIONAL DE MATERIA--TÉRMINO DE MATERIA |
| Término de materia o nombre geográfico como elemento de entrada |
Sociedades cooperativas |
| Subdivisión geográfica |
República Dominicana |
| 9 (RLIN) |
76723 |
| Subdivisión de forma |
Publicaciones periódicas |
| 942 ## - ELEMENTOS DE PUNTO DE ACCESO ADICIONAL (KOHA) |
| Fuente del sistema de clasificación o colocación |
Dewey Decimal Classification |
| Tipo de ítem Koha |
Publicación periódica |